logo

Bir Sreshtho Munshi Abdur Rouf Library
Jhenaidah Cadet College

Martin Luther King, Jr. : (Record no. 10635)

MARC details
000 -LEADER
fixed length control field 00704nam a2200241 a 4500
001 - CONTROL NUMBER
JCCL Control Number 10635
003 - CONTROL NUMBER IDENTIFIER
JCCL marc code BD-JhCC
005 - DATE AND TIME OF LATEST TRANSACTION
control field 20211013134021.0
008 - FIXED-LENGTH DATA ELEMENTS--GENERAL INFORMATION
fixed length control field 180801s20172012ii |||| |||| 001 0 eng d
020 ## - INTERNATIONAL STANDARD BOOK NUMBER
International Standard Book Number 9788184953534
035 ## - SYSTEM CONTROL NUMBER
system control number (BD-JhCC)10635
040 ## - CATALOGING SOURCE
Original cataloging agency BD-JhCC
Modifying agency BD-JhCC
041 ## - LANGUAGE CODE
Language code of Book eng
082 ## - DEWEY DECIMAL CLASSIFICATION NUMBER
Classification number 323.092
Author mark and Year BRU 2016
100 ## - MAIN ENTRY--PERSONAL NAME
Personal name Bruns, Roger
245 ## - TITLE STATEMENT
Title Martin Luther King, Jr. :
Remainder of title a biography /
Statement of responsibility, etc Roger Bruns
260 ## - PUBLICATION, DISTRIBUTION, ETC. (IMPRINT)
Place of publication, distribution, etc Delhi :
Name of publisher, distributor, etc Jaico Publishing House,
Date of publication, distribution, etc 2016
300 ## - PHYSICAL DESCRIPTION
Pagination xii, 157 p. :
Dimensions 22 cm.
504 ## - BIBLIOGRAPHY, ETC. NOTE
Bibliography, etc Includes bibliography and index.
600 ## - SUBJECT ADDED ENTRY--PERSONAL NAME
Personal name King, Martin Luther, Jr.,
Dates associated with a name 1929-1968
650 ## - SUBJECT ADDED ENTRY--TOPICAL TERM
Topical term or geographic name as entry element Civil rights workers
General subdivision Civil rights workers
942 ## - ADDED ENTRY ELEMENTS (KOHA)
Source of classification or shelving scheme Dewey Decimal Classification
Koha item type Books
Koha issues (borrowed), all copies 4
Holdings
Source of classification or shelving scheme Damaged status Not for loan Home library Current library Shelving location Date of accession Cost, normal purchase price Total Checkouts Full call number Barcode Date last seen Date checked out Copy number Koha item type
Dewey Decimal Classification     JCC Rouf Library JCC Rouf Library General Stacks 08/01/2018 299.00 5 323.092 BRU 2016 14185 10/28/2025 10/14/2025 C-1 Books

JCC Library | Contacts | JCC Home

Last Update on 23 September 2017
Copyright @ 2017-2020 JCC Rouf Library
Rouf Library, Jhenidah Cadet College (JCC), Bangladesh